• 首页
  • 本馆介绍
  • 公告通知
  • 最新文献
  • 馆藏检索
  • 电子资源
  • 读者导购
  • 参考咨询
  • 我的图书馆
  • 登录
  • 详细信息显示
  • 放入我的书架
  • 预约/预借图书
  • 作者相关作品
  • 分类相关作品
  • 丛书相关作品
  • 出版社相关作品

书目信息

  • 表格格式
  • 工作单格式
  • 卡片格式
题名:
中国植物病理学会2014年学术年会论文集
    
 
作者: 郭泽建 , 吴元华 主编
分册:  
出版信息: 北京   中国农业科学技术出版社  2014
页数: 20,673页
开本: 29cm
丛书名:
单 册:
中图分类: S432.1
科图分类:
主题词: 植物病理学--文集
电子资源:
ISBN: 978-7-5116-1736-1
000 01158nam0 2200253 450
001 012015000139
005 20151130093807.64
010    @a978-7-5116-1736-1@dCNY100.00
100    @a20141101d2014 em y0chiy50 ea
101 0  @achi@aeng
102    @aCN@b110000
105    @aa z 000yy
106    @ar
200 1  @a中国植物病理学会2014年学术年会论文集@Azhong guo zhi wu bing li xue hui 2014 nian xue shu nian hui lun wen ji@dProceedings of the annual meeting of Chinese society for plant pathology (2014)@f郭泽建,吴元华主编@zeng
210    @a北京@c中国农业科学技术出版社@d2014
215    @a20,673页@c图@d29cm
330    @a本书辑录了“中国植物病理学会第十届全国会员代表大会暨2014年学术年会及第四届中美植物病理学学术研讨会”上的几百篇论文和论文摘要,内容包括:真菌及真菌病害、病毒及病毒病害、细菌及细菌病害、线虫及线虫病害、抗病性、病害防治及其他。
510 1  @aProceedings of the annual meeting of Chinese society for plant pathology (2014)@zeng
606 0  @a植物病理学@j文集
690    @aS432.1@v5
701  0 @a郭泽建@Aguo ze jian@4主编
701  0 @a吴元华@Awu yuan hua@4主编
801  0 @aCN@b碧洲教育@c20151127
905    @a10447@f2@dS432.1@e110
    
    中国植物病理学会2014年学术年会论文集=Proceedings of the annual meeting of Chinese society for plant pathology (2014)/郭泽建,吴元华主编.-北京:中国农业科学技术出版社,2014
    20,673页:图;29cm
    
    
    ISBN 978-7-5116-1736-1:CNY100.00
    本书辑录了“中国植物病理学会第十届全国会员代表大会暨2014年学术年会及第四届中美植物病理学学术研讨会”上的几百篇论文和论文摘要,内容包括:真菌及真菌病害、病毒及病毒病害、细菌及细菌病害、线虫及线虫病害、抗病性、病害防治及其他。
●
相关链接 在E读中查询图书 在五车中查询图书 在当当中查询图书 在豆瓣中查询图书


正题名:中国植物病理学会2014年学术年会论文集     索取号:S432.1/110         预约/预借

序号 登录号 条形码 馆藏地/架位号 状态 备注
1 0871318   208713187   第二样本阅览室/ [索取号:S432.1/110] 在馆    
2 0871319   208713196   第三借阅区/ [索取号:S432.1/110] 在馆    
唐山师范学院图书馆 欢迎您!
大连网信软件有限公司© 版权所有